LEADER 01552nam a2200277 u 4500 001 000000066280 003 CaOOAMICUS 005 20070226121546.0 008 020110s1970 it u000 u fre u 035 $a10915986 040 $aPUL(R)$bita 245 02$aL'infaillibilité son aspect philosophique et théologique :$bactes du colloque organisé par le Centre International d'Etudes Humanistes et par l'Istitut d'Etudes Philosophiques de Rome, Rome, 5-12 janvier 1970 /$caux soins de Enrico Castelli ; [par] E. Castelli ... [et al.]. 260 $aParis :$bAubier-Montaigne,$cc1970. 300 $a584 p. ;$c25 cm 504 $aBibliografia in nota. 650 4$aInfallibilità.$0(OLS)http://pul/subject/8718 650 4$aPapi$xInfallibilità.$0(OLS)http://pul/subject/1401 700 1 $aCastelli, Enrico,$cconte,$d1900-1977.$0(OLS)http://pul/name/669 710 2 $aIstituto di studi filosofici.$0(OLS)http://pul/name/672 710 2 $aCentro internazionale di studi umanistici (Roma).$0(OLS)http://pul/name/670 850 $aPUL 852 $aPUL$W1$xSL Filosofia 1$y2$m97 F 7$j85694$nBK-PRI$b $qStampati$B85694$CPULBib$Z2$F85694 $H $81 941 1 $a8 961 $aINV: 46121 996 $6245$aL'infaillibilité son aspect philosophique et théologique :$bactes du colloque organisé par le Centre International d'Etudes Humanistes et par l'Istitut d'Etudes Philosophiques de Rome, Rome, 5-12 janvier 1970$9(OLS)http://pul/title/88026 996 $6260$aParis :$bAubier-Montaigne$9(OLS)http://pul/publisher/47976 LEADER 01262nam a2200313 u 4500 001 000000084855 003 CaOOAMICUS 005 20070226124126.0 008 050721s2001 gw u000 u ger u 020 $a3451268426 035 $a11054413 040 $aPUL$bita 041 1 $ager$heng 100 1 $aGreenberg, Moshe.$0(OLS)http://pul/name/24480 240 10$aEzekiel 1-20.$lTedesco.$0(OLS)http://pul/title/110265 245 10$aEzechiel 1-20 /$cAusgelet von Moshe Greenberg ; mit einem von Erich Zenger. 260 $aFreiburg :$bHerder,$cc2001. 300 $a445 p. ;$c25 cm 490 1 $aHerders Theologischer Kommentar zum Alten Testament 504 $aBibliografia: p. 9-18. 630 04$aBiblia.$pV.T.$pEzechiel.$0(OLS)http://pul/subject/14845 830 0$aHerders Theologischer Kommentar zum Alten Testament.$0(OLS)http://pul/title/110260 850 $aPUL 852 $aPUL$W1$xSL Religione 3$y85$m221. 7 COLL 1.15,1$j120181$nBK-PRI$av. 1$qDDC 21$B107868$CPULBib$Z2$F107868 $H98965 $82 941 1 $a9 983 0$aHThKAT. 996 $6020$a3451268426$9(OLS)http://pul/number/112388 996 $6245$aEzechiel 1-20$9(OLS)http://pul/title/110266 996 $6260$aFreiburg :$bHerder$9(OLS)http://pul/publisher/48354